000 00347nam a2200133Ia 4500
008 100328s9999 xx 000 0 und d
082 _b33740
100 _aजोगळेकर योगिनी
245 _aसार्थक
260 _bदिलीप
630 _aसार्थक
730 _aसार्थक
942 _cBOOK
999 _c524081
_d524078